Rhinocerotidae - Liste des espèces - Statistiques

Statistiques générales
  • Ce quiz a été pris 13 fois
  • Le résultat moyen est 4 sur 5
Statistiques - réponses
Par images Hint Réponse % Correct
Ceratotherium simum Rhinocéros blanc
100%
Diceros bicornis Rhinocéros noir
92%
Rhinoceros sondaicus Rhinocéros de Java
67%
Dicerorhinus sumatrensis Rhinocéros de Sumatra
67%
Rhinoceros unicornis Rhinocéros indien
67%
Aucun quiz correspondant
Distribution des résultats
% des personnes avec chaque résultat
Percentile par nombre de réponses
Votre historique - résultats
Vous n’avez pas pris ce quiz